<?xml version="1.0" encoding="UTF-8"?>
<record
    xmlns:xsi="http://www.w3.org/2001/XMLSchema-instance"
    xsi:schemaLocation="http://www.loc.gov/MARC21/slim http://www.loc.gov/standards/marcxml/schema/MARC21slim.xsd"
    xmlns="http://www.loc.gov/MARC21/slim">

  <leader>00850nam0a22002291i 4500</leader>
  <controlfield tag="001">rc\717460</controlfield>
  <controlfield tag="005">20260406142028.0</controlfield>
  <datafield tag="010" ind1=" " ind2=" ">
    <subfield code="a">5895630014</subfield>
    <subfield code="9">7000</subfield>
  </datafield>
  <datafield tag="035" ind1=" " ind2=" ">
    <subfield code="a">(NLR Aleph) 005960835</subfield>
  </datafield>
  <datafield tag="090" ind1=" " ind2=" ">
    <subfield code="a">6849212</subfield>
    <subfield code="c">6849211</subfield>
  </datafield>
  <datafield tag="100" ind1=" " ind2=" ">
    <subfield code="a">20031121d1997    u  |0rusy50      ca</subfield>
  </datafield>
  <datafield tag="101" ind1="0" ind2=" ">
    <subfield code="a">rus</subfield>
  </datafield>
  <datafield tag="102" ind1=" " ind2=" ">
    <subfield code="a">RU</subfield>
  </datafield>
  <datafield tag="105" ind1=" " ind2=" ">
    <subfield code="a">y   |||||||||</subfield>
  </datafield>
  <datafield tag="200" ind1="1" ind2=" ">
    <subfield code="a">&#x416;&#x438;&#x43B;&#x438;&#x449;&#x43D;&#x43E;&#x435; &#x437;&#x430;&#x43A;&#x43E;&#x43D;&#x43E;&#x434;&#x430;&#x442;&#x435;&#x43B;&#x44C;&#x441;&#x442;&#x432;&#x43E; &#x420;&#x43E;&#x441;&#x441;&#x438;&#x438;</subfield>
    <subfield code="e">&#x421;&#x431;. &#x43D;&#x43E;&#x440;&#x43C;&#x430;&#x442;&#x438;&#x432;. &#x434;&#x43E;&#x43A;. &#x441; &#x43A;&#x43E;&#x43C;&#x43C;&#x435;&#x43D;&#x442;.</subfield>
    <subfield code="f">&#x410;&#x433;&#x435;&#x43D;&#x442;&#x441;&#x442;&#x432;&#x43E; "&#x411;&#x438;&#x437;&#x43D;&#x435;&#x441;-&#x438;&#x43D;&#x444;&#x43E;&#x440;&#x43C;"</subfield>
    <subfield code="g">[&#x421;&#x43E;&#x441;&#x442;. &#x41F;&#x440;&#x438;&#x43C;&#x430;&#x43A;&#x43E;&#x432; &#x414;.&#x412;.]</subfield>
  </datafield>
  <datafield tag="210" ind1=" " ind2=" ">
    <subfield code="a">&#x41C;.</subfield>
    <subfield code="c">&#x410;&#x433;&#x435;&#x43D;&#x442;&#x441;&#x442;&#x432;&#x43E; "&#x411;&#x438;&#x437;&#x43D;&#x435;&#x441;-&#x438;&#x43D;&#x444;&#x43E;&#x440;&#x43C;"</subfield>
    <subfield code="d">1997</subfield>
  </datafield>
  <datafield tag="215" ind1=" " ind2=" ">
    <subfield code="a">441 &#x441;.</subfield>
    <subfield code="d">21</subfield>
  </datafield>
  <datafield tag="712" ind1="0" ind2="2">
    <subfield code="a">"&#x411;&#x438;&#x437;&#x43D;&#x435;&#x441;-&#x438;&#x43D;&#x444;&#x43E;&#x440;&#x43C;", &#x430;&#x433;&#x435;&#x43D;&#x442;&#x441;&#x442;&#x432;&#x43E;</subfield>
    <subfield code="c">&#x41C;&#x43E;&#x441;&#x43A;&#x432;&#x430;</subfield>
    <subfield code="3">RU\NLR\AUTH\889921146</subfield>
    <subfield code="9">338449</subfield>
  </datafield>
  <datafield tag="801" ind1=" " ind2="0">
    <subfield code="a">RU</subfield>
    <subfield code="b">NLR</subfield>
    <subfield code="g">psbo</subfield>
  </datafield>
  <datafield tag="801" ind1=" " ind2="1">
    <subfield code="a">RU</subfield>
    <subfield code="b">ELAR</subfield>
    <subfield code="2">rusmarc</subfield>
  </datafield>
  <datafield tag="852" ind1=" " ind2=" ">
    <subfield code="a">NLR</subfield>
    <subfield code="j">97-3/12951</subfield>
  </datafield>
  <datafield tag="942" ind1=" " ind2=" ">
    <subfield code="c">BOOK</subfield>
  </datafield>
</record>
